000 nam a22 4500
999 _c28922
_d28922
008 170510b xxu||||| |||| 00| 0 eng d
020 _a9789966447739
100 _aMulli, Daniel
245 _aLog on computer studies :
_bform one students' book /
260 _aNairobi :
_bKenya Literature Bureau,
_cc2010
300 _axviii, 158p. :
_bill. ;
_c25 cm.
500 _aInclude index.
650 _aComputer studies.
650 _aIntroduction to computer
700 _aOcgieng', Dorothy
700 _aNdegwa, James
700 _aKioko, John
942 _2lcc
_cSH_L_BOOKS
_hAFR QA 76 .M85 2010
_016